000 00921nam a22002537a 4500
005 20170412161626.0
010 _aENG-113026
020 _a9789350355527
_c395.00
035 _aEN-96558
035 _aB-667526
037 _bDBAD/PUB
082 _a346.03
100 _aSingh, S.P.
245 _aLaw of tort :
_bincluding compensation under the Consumer Protection Act /
_cby S.P. Singh [and] Indrajit P. Singh ; foreworded by Y.V. Chandrachud
250 _a7th ed
260 _aNew Delhi
_bUniversal Law Publishing
_c2015
270 _aA-58, G.T. Karnal Road Industrial Area
_bNew Delhi
_e110033
300 _aliii,398p.
_c24cm(pbk)
500 _aIncludes index
700 _aIndrajit P.Singh
700 _aChandrachud, Y.V.
942 _2ddc
_cEN
_mSIN
_h346.03
999 _c93553
_d93553